مذكرات نوبار باشا / (Record no. 24888)
[ view plain ]
| 000 -الفاتح | |
|---|---|
| حقل البيانات ثابتة الطول | 01831nam a2200397 i 4500 |
| 003 - محدد رقم الضبط | |
| رقم الضبط | EG-ScBUE |
| 005 - وقت وتاريخ اخر تعامل مع التسجيلة | |
| رقم الضبط | 20240213094240.0 |
| 008 - عناصر البيانات ثابتة الطول - معلومات عامة | |
| حقل البيانات ثابتة الطول | 170525s2015 ua ao f 000 0aara d |
| 017 ## - رقم الإيداع القانونى | |
| رقم الإيداع القانونى | 2008 / 13635 |
| 020 ## - الرقم الدولى المعيارى للكتب | |
| الرقم الدولى المعيارى للكتاب | 9789770924679 |
| 040 ## - مصدر الفهرسة | |
| وكالة الفهرسة الأصلية | EG-ScBUE |
| لغة الفهرسة | ara |
| قواعد الوصف | rda |
| وكالة التعديل | EG-ScBUE |
| وكالة النسخ | EG-ScBUE |
| 041 1# - رمز اللغة | |
| رمز لغة النص/ المسارات الصوتية أو العنوان الانفرادي | ara |
| رمز لغة الترجمات و/او الاصلية المتوسطة للنص | fre |
| 043 ## - رمز المنطقة الجغرافية | |
| رمز المنطقة الجغرافية | f-ua--- |
| 082 04 - رقم تصنيف ديوى العشرى | |
| رقم التصنيف | 962.03092 |
| رقم المادة | ن و ب |
| رقم الطبعة | 22 |
| 100 1# - المدخل الرئيسى - إسم شخصى | |
| الإسم الشخصى | نوبار، بوغوص، |
| العنوان والكلمات الأخرى المصاحبة للاسم | باشا، |
| التواريخ المصاحبة للاسم | 1899-1825 هـ، |
| الدور | مؤلف. |
| 245 10 - بيان العنوان | |
| العنوان | مذكرات نوبار باشا / |
| بيان المسئوليه,etc | مقدمة وملاحظات ميريت بطرس غالي ؛ مراجعة د. إلهام ذهني ؛ ترجمة جارو روبير طبقيان ؛ تقديم ودراسة وتعليق د. لطيفة محمد سالم. |
| 250 ## - بيان الطبعة | |
| بيان الطبعة | الطبعة الثانية. |
| 264 #1 - النشر، التوزيع | |
| مكان الناشر او الموزع | القاهرة : |
| اسم الناشر او الموزع | دار الشروق، |
| تاريخ النشر أو التوزيع | 2015. |
| 300 ## - الوصف المادى | |
| التعداد | 724 صفحة : |
| تفاصيل ماديه اخرى للوعاء | إيضاحيات، صور ؛ |
| أبعاد الوعاء | 24 سم |
| 336 ## - نوع المحتوى | |
| source | rdacontent |
| Carrier Type Term | نص |
| Content Type Code | txt |
| 337 ## - نوع الوسيط | |
| source | rdamedia |
| Media Type Term | بدون وسيط |
| Media Type Code | n |
| 338 ## - نوع الحامل أو الناقل | |
| source | rdacarrier |
| Carrier Type Term | مجلد |
| Carrier Type Code | nc |
| 500 ## - تبصرة عامة | |
| تبصرة عامة | يشتمل على ملاحق. |
| 546 ## - تبصرة اللغة | |
| تبصرة اللغة | النص باللغة العربية وقد تم ترجمته من اللغة الفرنسية. |
| 600 17 - المدخل الاضافى بالموضوع-اسم شخصى | |
| الإسم الشخصى | نوبار، بوغوص، |
| العنوان والكلمات الأخرى المصاحبة للاسم | باشا، |
| التواريخ المصاحبة للاسم | 1899-1825 هـ. |
| التقسيم الفرعي الشكلي | يوميات. |
| مصدر الرأس أو المصطلح | BUEsh |
| 650 #7 - المدخل الاضافى بالموضوع-مصطلح موضوعى | |
| مصطلح موضوعي أو اسم جغرافي كعنصر مدخل | السياسيون المصريون |
| التقسيم الفرعي الشكلي | تراجم. |
| مصدر الرأس أو المصطلح | BUEsh |
| 9 (RLIN) | 31153 |
| 650 #7 - المدخل الاضافى بالموضوع-مصطلح موضوعى | |
| مصطلح موضوعي أو اسم جغرافي كعنصر مدخل | رؤساء الوزارات |
| التقسيم الفرعي الجغرافي | مصر |
| التقسيم الفرعي الشكلي | يوميات. |
| مصدر الرأس أو المصطلح | BUEsh |
| 651 #7 - المدخل الاضافى بالموضوع - اسم جغرافى | |
| الاسم الجغرافي | مصر |
| التقسيم الفرعي العام | تاريخ |
| التقسيم الفرعي الزمني | قرن 19. |
| مصدر الرأس أو المصطلح | BUEsh |
| 653 ## - مصطلح تكشيفى غير مقيد | |
| Resource For college | Generalities |
| Arrived date list | May2017 |
| 655 ## - مصطلح تكشيفى-نوع/شكل | |
| التقسيم الفرعي الشكلي | Reading book |
| 700 1# - المدخل الاضافى - اسم شخصى | |
| الإسم الشخصى | غالي، ميريت بطرس، |
| الدور | مقدم. |
| 9 (RLIN) | 11252 |
| 700 1# - المدخل الاضافى - اسم شخصى | |
| الإسم الشخصى | ذهني، إلهام محمد علي، |
| الدور | مراجع. |
| 9 (RLIN) | 11254 |
| 700 1# - المدخل الاضافى - اسم شخصى | |
| الإسم الشخصى | طبقيان، جارو روبير، |
| الدور | مترجم. |
| 9 (RLIN) | 11253 |
| 700 1# - المدخل الاضافى - اسم شخصى | |
| الإسم الشخصى | سالم، لطيفة محمد، |
| الدور | معلق. |
| 942 ## - عناصر المدخل الإضافي( كوها) | |
| مصدر التصنيف او مخطط الترفيف | Dewey Decimal Classification |
| حالة التراجع | حالة الفقد | مصدر التصنيف او خطة الترفيف | حالة تلف | ليس للاعارة | مجموعات كوها | المكان الدائم | المكان الحالي | موقع الترفيف | تاريخ الاكتساب | Source of acquisition | سعر الشراء الطبيعي | تعداد مسلسل / التسلسل الزمني | رقم الاستدعاء | الباركود | Date last seen | التكلفة | نوع الوعاء |
|---|---|---|---|---|---|---|---|---|---|---|---|---|---|---|---|---|---|
| Dewey Decimal Classification | Dar Al shrok | Central Library | Central Library | Second Floor | 25/05/2017 | Purchase | 120.00 | 2502 | 962.03092 ن و ب | 000041902 | 15/07/2025 | 150.00 | Book - Borrowing |